LEADER 04536nam 2200769 450 001 9910459669603321 005 20200520144314.0 010 $a1-4426-2080-3 024 7 $a10.3138/9781442620803 035 $a(CKB)3710000000329312 035 $a(EBL)3296895 035 $a(SSID)ssj0001420502 035 $a(PQKBManifestationID)12518738 035 $a(PQKBTitleCode)TC0001420502 035 $a(PQKBWorkID)11422657 035 $a(PQKB)11117340 035 $a(MiAaPQ)EBC4670105 035 $a(DE-B1597)465497 035 $a(OCoLC)1013961034 035 $a(OCoLC)944178860 035 $a(DE-B1597)9781442620803 035 $a(MiAaPQ)EBC3296895 035 $a(Au-PeEL)EBL4670105 035 $a(CaPaEBR)ebr11256619 035 $a(OCoLC)958571231 035 $a(EXLCZ)993710000000329312 100 $a20160922h20042004 uy 0 101 0 $aeng 135 $aur|n|---||||| 181 $ctxt 182 $cc 183 $acr 200 00$a'These strange criminals' $ean anthology of prison memoirs by conscientious objectors from the Great War to the Cold War /$fedited by Peter Brock 210 1$aToronto, [Ontario] ;$aBuffalo, [New York] ;$aLondon, [England] :$cUniversity of Toronto Press,$d2004. 210 4$dİ2004 215 $a1 online resource (530 p.) 225 0 $aHeritage 300 $aDescription based upon print version of record. 311 $a0-8020-8707-8 311 $a0-8020-8661-6 320 $aIncludes bibliographical references. 327 $tFrontmatter --$tContents --$tForeword /$rGaucher, Robert --$tPreface --$tDocument Credits --$tPart One: The Great War --$tIntroduction --$tBritain --$tCanada --$tNew Zealand --$tUnited States --$tPart Two: The Good War --$tIntroduction --$tBritain --$tNew Zealand --$tAustralia --$tUnited States --$tPart Three: Cold-War America --$tIntroduction --$tAppendix --$tFurther Reading 330 $aIn many modern wars, there have been those who have chosen not to fight. Be it for religious or moral reasons, some men and women have found no justification for breaking their conscientious objection to violence. In many cases, this objection has led to severe punishment at the hands of their own governments, usually lengthy prison terms. Peter Brock brings the voices of imprisoned conscientious objectors to the fore in These Strange Criminals.This important and thought-provoking anthology consists of thirty prison memoirs by conscientious objectors to military service, drawn from the United Kingdom, the United States, Canada, Australia, and New Zealand, and centring on their jail experiences either during the first or second world wars or in Cold War America. Voices from history - like those of Stephen Hobhouse, Dame Kathleen Lonsdale, Ian Hamilton, Alfred Hassler, and Donald Wetzel - come alive, detailing the impact of prison life and offering unique perspectives on wartime government policies of conscription and imprisonment. Sometimes intensely moving, and often inspiring, these memoirs show that in some cases, individual conscientious objectors - many well-educated and politically aware - sought to reform the penal system from within either by publicizing its dysfunction or through further resistance to authority. The collection is an essential contribution to our understanding of criminology and the history of pacifism, and represents a valuable addition to prison literature. 606 $aConscientious objectors$vBiography 606 $aWorld War, 1914-1918$xConscientious objectors 606 $aWorld War, 1939-1945$xConscientious objectors 606 $aVietnam War, 1961-1975$xConscientious objectors 606 $aWorld War, 1914-1918$xPrisoners and prisons 606 $aWorld War, 1939-1945$xPrisoners and prisons 606 $aVietnam War, 1961-1975$xPrisoners and prisons 608 $aElectronic books. 615 0$aConscientious objectors 615 0$aWorld War, 1914-1918$xConscientious objectors. 615 0$aWorld War, 1939-1945$xConscientious objectors. 615 0$aVietnam War, 1961-1975$xConscientious objectors. 615 0$aWorld War, 1914-1918$xPrisoners and prisons. 615 0$aWorld War, 1939-1945$xPrisoners and prisons. 615 0$aVietnam War, 1961-1975$xPrisoners and prisons. 676 $a355.2/24/0922 702 $aBrock$b Peter$f1920-2006, 801 0$bMiAaPQ 801 1$bMiAaPQ 801 2$bMiAaPQ 906 $aBOOK 912 $a9910459669603321 996 $aThese strange criminals$92079891 997 $aUNINA LEADER 01731oam 2200469M 450 001 9910716476703321 005 20200213070935.5 035 $a(CKB)5470000002521376 035 $a(OCoLC)1065616211 035 $a(OCoLC)995470000002521376 035 $a(EXLCZ)995470000002521376 100 $a20071213d1927 ua 0 101 0 $aeng 135 $aurcn||||||||| 181 $ctxt$2rdacontent 182 $cc$2rdamedia 183 $acr$2rdacarrier 200 10$aProviding penalties for escaping from federal penal and correctional institutions. January 31, 1927. -- Referred to the House Calendar and ordered to be printed 210 1$a[Washington, D.C.] :$c[U.S. Government Printing Office],$d1927. 215 $a1 online resource (2 pages) $ctables 225 1 $aHouse report / 69th Congress, 2nd session. House ;$vno. 1905 225 1 $a[United States congressional serial set] ;$v[serial no. 8689] 300 $aBatch processed record: Metadata reviewed, not verified. Some fields updated by batch processes. 300 $aFDLP item number not assigned. 606 $aEscapes 606 $aPrisons 606 $aPunishment 606 $aPrisoners 608 $aLegislative materials.$2lcgft 615 0$aEscapes. 615 0$aPrisons. 615 0$aPunishment. 615 0$aPrisoners. 701 $aGraham$b George Scott$f1850-1931$pRepublican (PA)$01386798 801 0$bWYU 801 1$bWYU 801 2$bOCLCO 801 2$bOCLCQ 906 $aBOOK 912 $a9910716476703321 996 $aProviding penalties for escaping from federal penal and correctional institutions. January 31, 1927. -- Referred to the House Calendar and ordered to be printed$93457966 997 $aUNINA LEADER 02688nam 2200745 a 450 001 9910961181403321 005 20171026195700.0 010 $a9786612422676 010 $a9781282422674 010 $a1282422677 010 $a9780472022342 010 $a0472022342 024 7 $a10.3998/mpub.6773 035 $a(CKB)2430000000000171 035 $a(EBL)3414506 035 $a(OCoLC)923499429 035 $a(SSID)ssj0000419682 035 $a(PQKBManifestationID)11288541 035 $a(PQKBTitleCode)TC0000419682 035 $a(PQKBWorkID)10382178 035 $a(PQKB)10850343 035 $a(MiAaPQ)EBC3414506 035 $a(OCoLC)650003831 035 $a(MdBmJHUP)muse8435 035 $a(MiU)10.3998/mpub.6773 035 $a(Au-PeEL)EBL3414506 035 $a(CaPaEBR)ebr10315956 035 $a(CaONFJC)MIL242267 035 $a(EXLCZ)992430000000000171 100 $a19801230d1981 uy 0 101 0 $aeng 135 $aur|n|---||||| 181 $ctxt$2rdacontent 182 $cc$2rdamedia 183 $acr$2rdacarrier 200 10$aHistorical metaphors and mythical realities $estructure in the early history of the Sandwich Islands kingdom /$fMarshall Sahlins 205 $a1st ed. 210 1$aAnn Arbor :$cUniversity of Michigan Press,$dc1981. 215 $a1 online resource (95 pages) $cillustrations, plates 225 1 $aASAO special publications ;$vno. 1 300 $aDescription based upon print version of record. 311 0 $a9780472027217 311 0 $a0472027212 320 $aBibliography: p. 77-84. 327 $aContents; 1. Introduction: History and Structural Theory; 2. Reproduction: Structures of the Long Run; 3. Transformation: Structure and Practice; 4. Conclusion: Structure in History; Notes; References 330 $aHawaiian culture as it met foreign traders and settlers is the context for Sahlins's structuralist methodology of historical interpretation 410 0$aASAO special publications ; 606 $aHawaiians$xSocial life and customs 606 $aHawaiians$xReligion 606 $aAcculturation$zHawaii 606 $aStructural anthropology$zHawaii 607 $aHawaii$xDiscovery and exploration$xBritish 615 0$aHawaiians$xSocial life and customs. 615 0$aHawaiians$xReligion. 615 0$aAcculturation 615 0$aStructural anthropology 676 $a996.9 700 $aSahlins$b Marshall$f1930-2021.$0985669 712 02$aMichigan Publishing (University of Michigan), 801 0$bMiU 801 1$bMiU 906 $aBOOK 912 $a9910961181403321 996 $aHistorical metaphors and mythical realities$94462771 997 $aUNINA